<?xml version="1.0" encoding="UTF-8"?>
<record
    xmlns:xsi="http://www.w3.org/2001/XMLSchema-instance"
    xsi:schemaLocation="http://www.loc.gov/MARC21/slim http://www.loc.gov/standards/marcxml/schema/MARC21slim.xsd"
    xmlns="http://www.loc.gov/MARC21/slim">

  <leader>02083nam a22003617a 4500</leader>
  <controlfield tag="003">DO-SdBNP</controlfield>
  <controlfield tag="005">20180312115823.0</controlfield>
  <controlfield tag="008">160511b 2002  dr 00| 0 spa d</controlfield>
  <datafield tag="020" ind1=" " ind2=" ">
    <subfield code="a">9993490121 (M&#xF3;dulo 5)</subfield>
  </datafield>
  <datafield tag="020" ind1=" " ind2=" ">
    <subfield code="a">9993490172 (M&#xF3;dulo 6)</subfield>
  </datafield>
  <datafield tag="020" ind1=" " ind2=" ">
    <subfield code="a">9993490350 (M&#xF3;dulo 8)</subfield>
  </datafield>
  <datafield tag="040" ind1=" " ind2=" ">
    <subfield code="a">BPMSU</subfield>
    <subfield code="b">spa</subfield>
    <subfield code="c">BPMSU</subfield>
  </datafield>
  <datafield tag="082" ind1=" " ind2="4">
    <subfield code="a">374.83</subfield>
    <subfield code="b">P927e  1ro.  2002-2003</subfield>
  </datafield>
  <datafield tag="245" ind1=" " ind2=" ">
    <subfield code="a">Prepara educaci&#xF3;n de adultos :</subfield>
    <subfield code="b">1&#xBA; bachillerato /</subfield>
    <subfield code="c">Manuel Garc&#xED;a Cartagena ... [et al.] ; editor  Obdulia Garc&#xED;a de Escobar </subfield>
  </datafield>
  <datafield tag="260" ind1=" " ind2=" ">
    <subfield code="a">Santo Domingo :</subfield>
    <subfield code="b">Secretar&#xED;a de Estado de Educaci&#xF3;n ;</subfield>
    <subfield code="b">Santillana ;</subfield>
    <subfield code="c">2002.</subfield>
  </datafield>
  <datafield tag="300" ind1=" " ind2=" ">
    <subfield code="a">v. :</subfield>
    <subfield code="b">il. ;</subfield>
    <subfield code="c">28 cm.</subfield>
  </datafield>
  <datafield tag="490" ind1="1" ind2=" ">
    <subfield code="a">Santillana adultos</subfield>
  </datafield>
  <datafield tag="500" ind1=" " ind2=" ">
    <subfield code="a">La biblioeca posee los m&#xF3;dulos del 1 al 9</subfield>
  </datafield>
  <datafield tag="505" ind1="0" ind2=" ">
    <subfield code="a">Primera quincena --</subfield>
    <subfield code="t">Lengua espa&#xF1;ola --</subfield>
    <subfield code="t">Ciencia y tecnolog&#xED;a --</subfield>
    <subfield code="t">Ciencias sociales --</subfield>
    <subfield code="t">Ciencia y tecnolog&#xED;a --</subfield>
    <subfield code="t">Ciencias de la naturaleza: Biolog&#xED;a --</subfield>
    <subfield code="t">Ciencia y tecnolog&#xED;a --</subfield>
    <subfield code="t">Inform&#xE1;tica --</subfield>
    <subfield code="t">Ciencia y tecnolog&#xED;a -- </subfield>
    <subfield code="t">Matem&#xE1;ticas -- </subfield>
    <subfield code="t">Ciencia y tecnolog&#xED;a --</subfield>
    <subfield code="t">Actividades de evaluaci&#xF3;n</subfield>
  </datafield>
  <datafield tag="505" ind1="0" ind2=" ">
    <subfield code="a">Segunda quincena --</subfield>
    <subfield code="t">Prop&#xF3;sitos --</subfield>
    <subfield code="t">Lengua espa&#xF1;ola --</subfield>
    <subfield code="t">Ciencia y tecnologia --</subfield>
    <subfield code="t">Lenguas extrangeras: ingl&#xE9;s -- </subfield>
    <subfield code="t">Science and technology --</subfield>
    <subfield code="t">Ciencias sociales --</subfield>
    <subfield code="t">Ciencia y tecnolog&#xED;a --</subfield>
    <subfield code="t">Educaci&#xF3;n c&#xED;vica --</subfield>
    <subfield code="t">Ciencia y tecnolog&#xED;a </subfield>
    <subfield code="t">Ciencias de la naturaleza: Biolog&#xED;a --</subfield>
    <subfield code="t">Ciencia y tecnolog&#xED;a --</subfield>
    <subfield code="t">Matem&#xE1;ticas --</subfield>
    <subfield code="t">Ciencia y tecnolog&#xED;a --</subfield>
    <subfield code="t">Actividades de evaluaci&#xF3;n --</subfield>
    <subfield code="t">Autoevaluaci&#xF3;n --</subfield>
    <subfield code="t">Respuestas autoevaluaci&#xF3;n</subfield>
  </datafield>
  <datafield tag="650" ind1=" " ind2="4">
    <subfield code="a">EDUCACI&#xD3;N PRIMARIA DE ADULTOS</subfield>
    <subfield code="z">REP&#xDA;BLICA DOMINICANA</subfield>
  </datafield>
  <datafield tag="650" ind1=" " ind2="4">
    <subfield code="a">EDUCACI&#xD3;N PRIMARIA </subfield>
    <subfield code="z">REP&#xDA;BLICA DOMINICANA</subfield>
  </datafield>
  <datafield tag="650" ind1=" " ind2="4">
    <subfield code="a">EDUCACI&#xD3;N DE  ADULTOS</subfield>
    <subfield code="x">LIBROS DE TEXTOS</subfield>
  </datafield>
  <datafield tag="650" ind1=" " ind2="4">
    <subfield code="a">EDUCACI&#xD3;N DE ADULTOS</subfield>
    <subfield code="x">ESTUDIOS Y EJERCICIOS</subfield>
  </datafield>
  <datafield tag="650" ind1=" " ind2="4">
    <subfield code="a">EDUCACI&#xD3;N DE ADULTOS</subfield>
    <subfield code="z">ENSE&#xD1;ANZA B&#xC1;SICA</subfield>
  </datafield>
  <datafield tag="700" ind1="1" ind2="2">
    <subfield code="3">Garc&#xED;a,  Obdulia</subfield>
  </datafield>
  <datafield tag="710" ind1="1" ind2="2">
    <subfield code="a">Rep&#xFA;blica Dominicana.</subfield>
    <subfield code="b">Secretaria de Estado de Cultura.</subfield>
  </datafield>
  <datafield tag="830" ind1=" " ind2="0">
    <subfield code="a">Santillana adulto</subfield>
  </datafield>
  <datafield tag="910" ind1=" " ind2=" ">
    <subfield code="a">Validado. Control de calidad MFF</subfield>
  </datafield>
  <datafield tag="942" ind1=" " ind2=" ">
    <subfield code="2">ddc</subfield>
    <subfield code="c">BK</subfield>
  </datafield>
  <datafield tag="945" ind1=" " ind2=" ">
    <subfield code="a">Remanejada para la BNPHU  2018 / BT</subfield>
  </datafield>
  <datafield tag="952" ind1=" " ind2=" ">
    <subfield code="0">0</subfield>
    <subfield code="1">0</subfield>
    <subfield code="2">ddc</subfield>
    <subfield code="4">0</subfield>
    <subfield code="7">0</subfield>
    <subfield code="a">BPMET</subfield>
    <subfield code="b">BPMET</subfield>
    <subfield code="d">2016-05-11</subfield>
    <subfield code="e">Donaci&#xF3;n</subfield>
    <subfield code="l">0</subfield>
    <subfield code="o">374.83    P927e   1ro.  2002   M&#xF3;dulo 5  </subfield>
    <subfield code="p">BPMSU16050234</subfield>
    <subfield code="r">2016-05-11</subfield>
    <subfield code="w">2016-05-11</subfield>
    <subfield code="y">BK</subfield>
  </datafield>
  <datafield tag="952" ind1=" " ind2=" ">
    <subfield code="0">0</subfield>
    <subfield code="1">0</subfield>
    <subfield code="2">ddc</subfield>
    <subfield code="4">0</subfield>
    <subfield code="7">0</subfield>
    <subfield code="8">ESC</subfield>
    <subfield code="a">BPMET</subfield>
    <subfield code="b">BPMET</subfield>
    <subfield code="d">2016-05-11</subfield>
    <subfield code="e">Donaci&#xF3;n</subfield>
    <subfield code="l">0</subfield>
    <subfield code="o">374.83     P927e   1ro.  2003   M&#xF3;dulo 6</subfield>
    <subfield code="p">BPMSU16050235</subfield>
    <subfield code="r">2016-05-11</subfield>
    <subfield code="w">2016-05-11</subfield>
    <subfield code="y">BK</subfield>
  </datafield>
  <datafield tag="952" ind1=" " ind2=" ">
    <subfield code="0">0</subfield>
    <subfield code="1">0</subfield>
    <subfield code="2">ddc</subfield>
    <subfield code="4">0</subfield>
    <subfield code="7">0</subfield>
    <subfield code="8">ESC</subfield>
    <subfield code="a">BPMET</subfield>
    <subfield code="b">BPMET</subfield>
    <subfield code="d">2016-05-11</subfield>
    <subfield code="e">Donaci&#xF3;n</subfield>
    <subfield code="l">0</subfield>
    <subfield code="o">374.83  P927e   1ro. 2002   M&#xF3;dulo 8</subfield>
    <subfield code="p">BPMSU16050236</subfield>
    <subfield code="r">2016-05-11</subfield>
    <subfield code="w">2016-05-11</subfield>
    <subfield code="y">BK</subfield>
  </datafield>
  <datafield tag="956" ind1=" " ind2=" ">
    <subfield code="a">BTAV&#xC1;REZ</subfield>
    <subfield code="b">10</subfield>
    <subfield code="d">BPMSU</subfield>
    <subfield code="h">0038</subfield>
  </datafield>
  <datafield tag="999" ind1=" " ind2=" ">
    <subfield code="c">10081</subfield>
    <subfield code="d">10081</subfield>
  </datafield>
</record>
